Responses for Show #4515 - Friday, April 2, 2004

Chris Miller game 2.

Contestants

[<< previous game]

William Nicks, Jr., a substitute teacher from Covina, California

Bobbie Lewis, a communications director from Oak Park, Michigan

Chris Miller, a retail specialist from Louisville, Kentucky (whose 1-day cash winnings total $36,399)

[next game >>]

Jeopardy! Round responses

STATE SEALS
CLASSIC CARTOON CHARACTERS
FRUITS & VEGETABLES
LIVRES EN FRANCAIS
IT'S ALPHANUMERIC
W TO W
(Alex: Each correct response will begin & end with that letter of the alphabet.)
    $200 26
Texas

Bobbie
    $200 1
Porky Pig

Chris
    $200 16
peach

Chris
    $200 21
The Art of War

William
    $200 6
W-2

Chris
    $200 11
wallow

Bobbie
    $400 27
(Bobbie: What is the Mississippi?)

the Missouri

ChrisBobbie
    $400 2
Yogi Bear

Chris
    $400 17
Bartlett

Chris
    $400 22
The Silence of the Lambs

William
    $400 7
mp3

Chris
    $400 12
Woodrow (Wilson)

Chris
    $2,000 28
Oklahoma

Chris
    $600 3
Rocky & Bullwinkle

Chris
    $600 18
beet

Bobbie
    $600 23
The Hunt for Red October

William
    $600 8
(Alex: Welcome to the game!)

A.1.

Bobbie
    $600 13
wheelbarrow

Chris
    $800 29
Kamehameha

Chris
    $800 4
Dino

Chris
    $800 19
corn

William
    $800 24
Animal Farm

Chris
    $800 9
the QE2

Chris
    $800 14
Warsaw

Bobbie
    $1000 30
(William: What is Kentucky?)

Ohio

BobbieWilliam
    $1000 5
(Alex: Well done; a misspent youth, I fear!)

Tennessee Tuxedo

Chris
    $1000 20
cabbage

Chris
    $1000 25
Gone with the Wind

Triple Stumper
    $1000 10
WD-40

Chris
    $1000 15
winnow

Chris

Scores at the first commercial break (after clue 15):

Chris Bobbie William
$7,400 $1,600 $0

Scores at the end of the Jeopardy! Round:

Chris Bobbie William
$13,000 $3,000 $1,000

Double Jeopardy! Round responses

ROYAL LANDMARKS
THE MOVIE WHERE KEANU PLAYED...
PICTURE ME!
"V"ARIETY
YEAH, I PLAY THE OBOE
WANT TO MAKE SOMETHING OUT OF IT?
    $400 21
pyramid

William
    $400 1
Speed

Chris
    $400 16
Custer

Chris
    $400 11
(Chris: Who is Commodore Perry?)

(Cornelius) Vanderbilt

ChrisWilliam
    $400 6
reeds

Chris
    $400 23
(Alex: Minute to go, William.)

iron

Triple Stumper
    $800 22
(Chris: What is Copenhagen?)

Oslo

ChrisWilliam
    $800 2
Point Break

Chris
    $800 17
Harriet Beecher Stowe

William
    $800 12
Viking

William
    $800 7
Peter and the Wolf

Chris
    $800 24
(William: What is titanium?)

platinum

ChrisWilliam
    $1200 28
Kaiser Wilhelm (II)

William
    $1200 3
Little Buddha

Chris
    $1200 18
Winston Churchill

Bobbie
    $1200 13
Virgil

Chris
    $1200 8
Mozart

Bobbie
    $1200 25
(Bobbie: What are plastics?)

contact lenses

Bobbie
Triple Stumper
    $2,000 29
Hastings

William
    $1600 4
The Devil's Advocate

Chris
    $1600 19
Robespierre

Chris
    $5,000 14
(Alex: Anything?)
(Chris: No, I'm sorry.)

Vichyssoise

Chris
    $1600 9
(Bobbie: What are valves?)

keys

ChrisBobbie
    $1600 26
tin

William
    $2000 30
Prince Henry the Navigator

Chris
    $2000 5
The Replacements

William
    $2000 20
Lady Jane Grey

Chris
    $2000 15
Vesalius

Chris
    $2000 10
Vivaldi

Bobbie
    $2000 27
rubber

William

Scores at the end of the Double Jeopardy! Round:

Chris Bobbie William
$23,600 $4,600 $12,200

[wagering suggestions for these scores]

Final Jeopardy! Round responses

GEORGE WASHINGTON
(Alex: The father of our country.)
BobbieWhat is a dentist?
$0
WilliamWhat is a painter?
$11,000
ChrisWhat is an undertaker?
$801
dentist

Final scores:

Chris Bobbie William
$22,799 $4,600 $1,200
2-day champion: $59,198 2nd place: $2,000 3rd place: $1,000

Game dynamics:

Coryat scores:

Chris Bobbie William
$27,200 $4,600 $11,800
33 R
(including 1 DD),
3 W
(including 1 DD)
9 R,
3 W
14 R
(including 1 DD),
2 W

Combined Coryat: $43,600

[game clues] [game scores] [suggest correction]

Game tape date: 2004-01-21
The J! Archive is created by fans, for fans. Scraping, republication, monetization, and malicious use prohibited; this site may use cookies and collect identifying information. See terms. The Jeopardy! game show and all elements thereof, including but not limited to copyright and trademark thereto, are the property of Jeopardy Productions, Inc. and are protected under law. This website is not affiliated with, sponsored by, or operated by Jeopardy Productions, Inc. Join the discussion at JBoard.tv.